| 000 | 01802nam a2200325 a 4500 | ||
|---|---|---|---|
| 001 | BRCA_2610 | ||
| 005 | 20190320203905.0 | ||
| 008 | 281108s1879----sp-a---###---#000-0dspa-u | ||
| 041 | _aspa | ||
| 044 | _asp | ||
| 084 |
_a180 _b.G39 _c1879 |
||
| 100 | 1 |
_aCervantes Saavedra, Miguel de _d1547-1616 _9213 |
|
| 245 | 1 | 0 |
_aEl Ingenioso Hidalgo Don Quijote de la Mancha _ccompuesto por Miguel de Cervantes Saavedra. |
| 260 |
_aMadrid _bLibreria e imprenta de Gaspar _c1879 |
||
| 300 |
_a540 p. _bil. _c28 cm. |
||
| 440 | 0 |
_aBiblioteca ilustrada de Gaspar y Roig _97304 |
|
| 500 | _aContenido : Primera parte. Retrato de Cervantes. Advertencia del editor. Dedicatoria del autor. Prólogo del autor. Versos preliminares. Texto. Segunda parte. Dedicatoria del autor. Prólogo del autor. Vida de Cervantes por J. M. Quintana. Buscapié con prólogo y notas de A. Castro | ||
| 500 | _aEdición : Novisima edición con notas historicas, críticas y gramaticales de la Academia Española, Pellicer, Arrieta, Clemancín, Cuesta, Janer, etc. Aumentada con El Buscapié, anotado por A. de Castro, adornado con 300 grabados intercalados, láminas sueltas y el retrato del autor grabado en acero | ||
| 500 | _aEjemplar enteramente igual al anterior. Semipiel; lomera decorada con filetes dorados Lúdovik Osterc | ||
| 500 | _aQM178 | ||
| 650 | 1 | 4 |
_aNovela española _yÉpoca clásica, 1500-1700 _9215 |
| 650 | 1 | 4 |
_aLiteratura española _yÉpoca clásica, 1500-1700 _9216 |
| 650 | 1 | 4 |
_aNovela española _ySiglo XVII _9217 |
| 650 | 1 | 4 |
_aDon Quijote (Personaje ficticio) _eNovela _9218 |
| 700 | 1 |
_aQuintana, José Manuel _d1772-1857 _eBiógrafo _97448 |
|
| 700 | 1 |
_aCastro y Rossi, Adolfo de _d1823-1898 _eAnotador _97449 |
|
| 740 | 0 | _aEl Ingenioso Hidalgo Don Quijote de la Mancha | |
| 902 | _aQFM | ||
| 942 |
_2lcc _cB |
||
| 999 |
_c2350 _d2350 |
||